000 00374nam a2200145Ia 4500
008 230711s9999||||xx |||||||||||||| ||und||
041 _aENG
082 _a621
_bRA-M
100 _aRajavaraja S
245 0 _aMechanics and thermodynamics
250 _a2nd Ed.
260 _c1989
_aNew Delhi
_bTata McGraw Hill Education Limited
650 _aMechanical Engineering
942 _cBK
999 _c199
_d199